[Event "Cheliabinsk Shusharin Memorial Rapid"]
[Site "Cheliabinsk"]
[Date "2023.11.15"]
[Round "1"]
[White "Korolenko, Artem"]
[Black "Zakhartsov, Vladimir"]
[Result "0-1"]
[WhiteElo "1675"]
[BlackElo "2525"]
[PlyCount "98"]
[EventDate "2023.11.15"]
[EventType "swiss (rapid)"]
[EventRounds "11"]
[EventCountry "RUS"]
[SourceTitle "CB47_2023"]
[SourceDate "2023.11.22"]
[SourceVersion "1"]
[SourceVersionDate "2023.11.22"]
[SourceQuality "1"]

1. e4 c6 2. d4 d5 3. e5 c5 4. dxc5 e6 5. a3 Bxc5 6. b4 Be7 7. Nf3 a5 8. b5 Nd7 9. c4 Nc5 10. Nc3 dxc4 11. Qxd8+ Bxd8 12. Bxc4 Nh6 13. Be3 Be7 14. 0-0-0 Ng4 15. Bd4 Nh6 16. Kb2 Bd7 17. Bxc5 Bxc5 18. Ne4 Rc8 19. Rd2 Ke7 20. Rhd1 Rhd8 21. Bf1 a4 22. Nfg5 Rc7 23. f4 Be3 24. Rd3 Bxf4 25. Nf3 Ng4 26. g3 Bxe5+ 27. Nxe5 Nxe5 28. Rd4 Ra8 29. b6 Rc6 30. Bb5 Rxb6 31. Rxd7+ Nxd7 32. Rxd7+ Kf8 33. Nd6 Ra5 34. Rxf7+ Kg8 35. Rd7 Raxb5+ 36. Nxb5 Rxb5+ 37. Kc3 Rb3+ 38. Kc4 Rxa3 39. Rxb7 Ra2 40. h4 Rg2 41. Kd4 Rxg3 42. Ke5 Re3+ 43. Kd6 h6 44. Rb8+ Kh7 45. Rb4 a3 46. Ra4 Kg6 47. Ke7 Kh5 48. Kf7 g5 49. hxg5 hxg5 0-1

[Event "Cheliabinsk Kurnosov Memorial Rapid"]
[Site "Cheliabinsk"]
[Date "2023.09.08"]
[Round "1"]
[White "Salemgareev, Tagir"]
[Black "Korolenko, Artem"]
[Result "1-0"]
[WhiteElo "2465"]
[BlackElo "1675"]
[PlyCount "53"]
[EventDate "2023.09.08"]
[EventType "swiss (rapid)"]
[EventRounds "11"]
[EventCountry "RUS"]
[SourceTitle "EXT 2024"]
[Source "ChessBase"]
[SourceDate "2023.10.10"]
[SourceVersion "1"]
[SourceVersionDate "2023.10.10"]
[SourceQuality "1"]

1. e4 d5 2. exd5 Qxd5 3. d4 Nf6 4. c4 Qd8 5. Nc3 c6 6. h3 Bf5 7. Nf3 e6 8. Nh4 Bg6 9. Nxg6 hxg6 10. g3 Nbd7 11. Bg2 Bb4 12. 0-0 0-0 13. Qb3 Qe7 14. a3 Bxc3 15. bxc3 Nb6 16. a4 Rad8 17. Ba3 Qd7 18. Bxf8 Kxf8 19. Rfb1 Rb8 20. Qa3+ Kg8 21. Qc5 Qc7 22. a5 Nbd7 23. Qxa7 Qc8 24. a6 bxa6 25. Rxb8 Nxb8 26. Rb1 Nfd7 27. Qb7 1-0